[Event "Staufer op-A 30th"]
[Site "Schwaebisch Gmuend"]
[Date "2018.01.02"]
[Round "1"]
[White "Schlotterbeck, Peter"]
[Black "Schitco, Ivan"]
[Result "0-1"]
[WhiteElo "2106"]
[BlackElo "2334"]
[PlyCount "70"]
[EventDate "2018.01.02"]
[EventType "swiss"]
[EventRounds "9"]
[EventCountry "GER"]
[SourceTitle "CBM 182 Extra"]
[Source "ChessBase"]
[SourceDate "2018.02.23"]
[SourceVersion "1"]
[SourceVersionDate "2018.02.23"]
[SourceQuality "1"]

1. d4 Nf6 2. c4 c5 3. d5 e6 4. Nc3 exd5 5. cxd5 d6 6. e4 g6 7. Nf3 Bg7 8. h3 0-0 9. Bd3 Nh5 10. 0-0 Nd7 11. g4 Nhf6 12. Bf4 Ne8 13. Re1 Ne5 14. Nxe5 Bxe5 15. Bxe5 dxe5 16. Re3 a6 17. a4 Nd6 18. Rg3 c4 19. Bf1 Bd7 20. b3 b5 21. axb5 axb5 22. Rxa8 Qxa8 23. bxc4 bxc4 24. Qc1 Qa7 25. Qg5 f6 26. Qe3 Qd4 27. Bg2 Rb8 28. Kh2 Rb3 29. Qe1 Rb2 30. Rf3 Kg7 31. Kg3 Rb3 32. Kh2 Rb2 33. Kg3 Rd2 34. Qc1 Rd3 35. Qa3 Nxe4+ 0-1

[Event "RA-2016-0-00475"]
[Site "LSS email"]
[Date "2016.10.12"]
[Round "?"]
[White "Almeraya, Eduardo"]
[Black "Schlotterbeck, Peter"]
[Result "1-0"]
[WhiteElo "2163"]
[BlackElo "2297"]
[PlyCount "91"]
[EventDate "2016.09.24"]
[EventType "tourn (corr)"]
[EventRounds "6"]
[EventCountry "GER"]
[SourceTitle "Corr 2022"]
[Source "ChessBase"]
[SourceDate "2021.10.24"]
[SourceVersion "1"]
[SourceVersionDate "2021.10.24"]
[SourceQuality "1"]

1. Nf3 g6 2. e4 Bg7 3. d4 d6 4. Nc3 a6 5. Bc4 b5 6. Bd5 c6 7. Bb3 Nf6 8. 0-0 b4 9. Na4 Nxe4 10. Qe1 d5 11. Ne5 0-0 12. f3 Nd6 13. Qxb4 a5 14. Qc3 Ba6 15. Re1 e6 16. Bf4 Bb5 17. Rad1 Re8 18. a3 Qe7 19. Kh1 Nf5 20. g4 Nd6 21. Bg3 Bxe5 22. Bxe5 Bxa4 23. Bxa4 Nc4 24. Bg3 Rc8 25. Bb3 Nb6 26. Qd2 c5 27. dxc5 Qxc5 28. c3 a4 29. Ba2 Nc6 30. h4 Na5 31. h5 Nbc4 32. Qh2 Re8 33. Re2 Nb3 34. Bb1 Qe7 35. f4 Nc5 36. hxg6 fxg6 37. f5 Qf7 38. fxg6 hxg6 39. Kg1 Qh7 40. Qg2 Rad8 41. Bf2 Nb3 42. Bd3 Nba5 43. Rf1 e5 44. Bc5 Nb3 45. Bxc4 dxc4 46. Be3 1-0

[Event "RA-2016-0-00475"]
[Site "LSS email"]
[Date "2016.10.11"]
[Round "?"]
[White "Susla, Vitaliy"]
[Black "Schlotterbeck, Peter"]
[Result "1-0"]
[WhiteElo "2333"]
[BlackElo "2297"]
[PlyCount "51"]
[EventDate "2016.09.24"]
[EventType "tourn (corr)"]
[EventRounds "6"]
[EventCountry "GER"]
[SourceTitle "Corr 2022"]
[Source "ChessBase"]
[SourceDate "2021.10.24"]
[SourceVersion "1"]
[SourceVersionDate "2021.10.24"]
[SourceQuality "1"]

1. d4 g6 2. e4 Bg7 3. Nc3 d6 4. Be3 a6 5. a4 Nc6 6. h3 e5 7. dxe5 Nxe5 8. Be2 Be6 9. Nf3 Ne7 10. Qd2 Nxf3+ 11. Bxf3 0-0 12. 0-0 Rb8 13. Rad1 Nc6 14. Be2 Re8 15. f4 Qe7 16. Rfe1 Qf6 17. Bf3 Bc4 18. Qf2 Rbd8 19. g4 h6 20. Kg2 a5 21. h4 Qe6 22. Nb5 Qc8 23. h5 gxh5 24. Qg3 Nb4 25. Bd4 Nxc2 26. g5 1-0

[Event "SA-2013-0-00390"]
[Site "LSS email"]
[Date "2014.01.21"]
[Round "?"]
[White "Schlotterbeck, Peter"]
[Black "Oortwijn, Ron A"]
[Result "1/2-1/2"]
[WhiteElo "2158"]
[BlackElo "2091"]
[PlyCount "32"]
[EventDate "2013.12.31"]
[EventType "tourn (corr)"]
[EventRounds "6"]
[EventCountry "GER"]
[SourceTitle "Telechess CBM 167"]
[Source "ChessBase"]
[SourceDate "2015.07.13"]
[SourceVersion "1"]
[SourceVersionDate "2015.07.13"]
[SourceQuality "1"]

1. d4 d5 2. c4 e6 3. Nc3 Nf6 4. Bg5 Be7 5. Nf3 h6 6. Bxf6 Bxf6 7. e3 0-0 8. Rc1 c6 9. Bd3 Nd7 10. 0-0 dxc4 11. Bxc4 e5 12. Ne4 exd4 13. Nxd4 Be5 14. f4 Bxd4 15. Qxd4 Nb6 16. Qxd8 Rxd8 1/2-1/2

[Event "SA-2013-0-00390"]
[Site "LSS email"]
[Date "2014.01.21"]
[Round "?"]
[White "Usmanoff, Rustam Pulatovich"]
[Black "Schlotterbeck, Peter"]
[Result "1-0"]
[WhiteElo "2110"]
[BlackElo "2158"]
[PlyCount "83"]
[EventDate "2013.12.31"]
[EventType "tourn (corr)"]
[EventRounds "6"]
[EventCountry "GER"]
[SourceTitle "Telechess CBM 167"]
[Source "ChessBase"]
[SourceDate "2015.07.13"]
[SourceVersion "1"]
[SourceVersionDate "2015.07.13"]
[SourceQuality "1"]

1. e4 c5 2. Nf3 d6 3. d4 cxd4 4. Nxd4 Nf6 5. Nc3 Nc6 6. Bg5 e6 7. Qd2 a6 8. 0-0-0 h6 9. Nxc6 bxc6 10. Bf4 d5 11. Qe3 Bb4 12. Be2 0-0 13. e5 Nd7 14. Qg3 Kh8 15. Qh3 Kh7 16. Rhg1 Rh8 17. Kb1 Rb8 18. Qg3 Kg8 19. Ka1 Qc7 20. h4 Bb7 21. Bd2 c5 22. f4 Bc6 23. Rgf1 d4 24. Nb1 Bd5 25. Bxb4 Rxb4 26. Bf3 Nb6 27. a3 Ra4 28. h5 Ra5 29. c3 Kh7 30. Bxd5 Nxd5 31. Qd3+ g6 32. hxg6+ fxg6 33. Rf2 Kg7 34. Rc1 Qb6 35. cxd4 cxd4 36. g4 Rb8 37. f5 Rb5 38. f6+ Kf7 39. b4 Nxb4 40. axb4 Rxb4 41. Ra2 Ra4 42. Na3 1-0

[Event "RA-2013-0-00309"]
[Site "LSS email"]
[Date "2014.01.20"]
[Round "?"]
[White "Geiger, Walter"]
[Black "Schlotterbeck, Peter"]
[Result "1/2-1/2"]
[WhiteElo "2100"]
[BlackElo "2158"]
[PlyCount "55"]
[EventDate "2013.12.26"]
[EventType "tourn (corr)"]
[EventRounds "6"]
[EventCountry "GER"]
[SourceTitle "Telechess CBM 167"]
[Source "ChessBase"]
[SourceDate "2015.07.13"]
[SourceVersion "1"]
[SourceVersionDate "2015.07.13"]
[SourceQuality "1"]

1. e4 c5 2. Nf3 d6 3. d4 cxd4 4. Nxd4 Nf6 5. Nc3 Nc6 6. Bg5 e6 7. f4 h6 8. Bh4 Be7 9. Qd3 e5 10. Nxc6 bxc6 11. fxe5 dxe5 12. Qxd8+ Bxd8 13. Bc4 Ke7 14. 0-0-0 Be6 15. Bxe6 Kxe6 16. Rd3 Be7 17. Bxf6 Kxf6 18. Rhd1 Rhd8 19. Na4 g6 20. Rc3 Rac8 21. Rxd8 Bxd8 22. Kd1 Bb6 23. Nxb6 axb6 24. Ke2 Ke6 25. Ra3 b5 26. Ra7 b4 27. a4 bxa3 28. Rxa3 1/2-1/2

[Event "RA-2013-0-00309"]
[Site "LSS email"]
[Date "2014.01.20"]
[Round "?"]
[White "Schlotterbeck, Peter"]
[Black "Krol, Wladyslaw"]
[Result "1-0"]
[WhiteElo "2158"]
[BlackElo "1966"]
[PlyCount "57"]
[EventDate "2013.12.26"]
[EventType "tourn (corr)"]
[EventRounds "6"]
[EventCountry "GER"]
[SourceTitle "Telechess CBM 167"]
[Source "ChessBase"]
[SourceDate "2015.07.13"]
[SourceVersion "1"]
[SourceVersionDate "2015.07.13"]
[SourceQuality "1"]

1. e4 e5 2. Nf3 Nc6 3. Bb5 Nf6 4. 0-0 Ng4 5. h3 h5 6. c3 a6 7. Bc4 f5 8. d3 f4 9. d4 d6 10. Bd5 g5 11. Nbd2 Bg7 12. Qa4 Bd7 13. Qb3 exd4 14. cxd4 Nxd4 15. Nxd4 Bxd4 16. Nf3 Bxf2+ 17. Rxf2 Nxf2 18. e5 Nxh3+ 19. gxh3 Bc6 20. Bxc6+ bxc6 21. Bd2 d5 22. Qc2 Rh6 23. Nd4 c5 24. Nf5 Rb6 25. Ba5 Re6 26. Ng7+ Kd7 27. Nxe6 Kxe6 28. Qg6+ Kd7 29. e6+ 1-0

[Event "SM-2013-0-00240"]
[Site "LSS email"]
[Date "2013.02.11"]
[Round "?"]
[White "Schlotterbeck, Peter"]
[Black "Prata, Jorge"]
[Result "1/2-1/2"]
[WhiteElo "2158"]
[BlackElo "2048"]
[PlyCount "92"]
[EventDate "2013.01.09"]
[EventType "tourn (corr)"]
[EventRounds "6"]
[EventCountry "GER"]
[SourceTitle "Telechess CBM 167"]
[Source "ChessBase"]
[SourceDate "2015.07.13"]
[SourceVersion "1"]
[SourceVersionDate "2015.07.13"]
[SourceQuality "1"]

1. d4 Nf6 2. c4 g6 3. Nc3 d5 4. Nf3 Bg7 5. cxd5 Nxd5 6. e4 Nxc3 7. bxc3 c5 8. Rb1 0-0 9. Be2 Nc6 10. d5 Ne5 11. Nxe5 Bxe5 12. Qd2 e6 13. f4 Bc7 14. 0-0 exd5 15. exd5 Ba5 16. d6 Rb8 17. Ba3 Bf5 18. Rbd1 b6 19. h3 Bd7 20. Bb2 Ba4 21. Rde1 Qf6 22. f5 Qd4+ 23. Qxd4 cxd4 24. fxg6 hxg6 25. Rc1 Rfd8 26. cxd4 Rxd6 27. Rc7 Rd7 28. Rxd7 Bxd7 29. Bc4 Be8 30. d5 Bb4 31. Rf4 Bc5+ 32. Kf1 Bf8 33. Kf2 Rc8 34. Bb3 Bg7 35. Bxg7 Kxg7 36. Ke3 Bb5 37. d6 Rc3+ 38. Kf2 f5 39. Ba4 Bxa4 40. Rxa4 Kf6 41. Rxa7 b5 42. d7 Ke7 43. Ra6 Rc2+ 44. Kg3 Kxd7 45. Rxg6 Rxa2 46. h4 Ra3+ 1/2-1/2

[Event "SA-2012-0-00317"]
[Site "LSS email"]
[Date "2012.12.01"]
[Round "?"]
[White "Schlotterbeck, Peter"]
[Black "Buczinski, Henryk"]
[Result "1-0"]
[WhiteElo "2158"]
[BlackElo "2031"]
[PlyCount "105"]
[EventDate "2012.11.17"]
[EventType "tourn (corr)"]
[EventRounds "6"]
[EventCountry "GER"]
[SourceTitle "Telechess CBM 167"]
[Source "ChessBase"]
[SourceDate "2015.07.13"]
[SourceVersion "1"]
[SourceVersionDate "2015.07.13"]
[SourceQuality "1"]

1. d4 Nf6 2. c4 e6 3. Nf3 d5 4. Nc3 h6 5. g3 Bd6 6. Bg2 0-0 7. 0-0 Nc6 8. b3 Re8 9. Qc2 dxc4 10. bxc4 e5 11. dxe5 Nxe5 12. Nb5 Nxf3+ 13. exf3 Be5 14. Rb1 a6 15. Nc3 Bd4 16. Rd1 Qe7 17. Bb2 Ba7 18. Nd5 Nxd5 19. cxd5 Bd7 20. f4 Rac8 21. Be5 b5 22. Bf3 Bb6 23. Rbc1 Qa3 24. Kg2 Red8 25. Rd3 Qf8 26. Qb3 Bf5 27. Rdd1 Bd7 28. Be4 Kh8 29. Bb2 f6 30. Ba3 Qe8 31. Re1 Qh5 32. h4 Re8 33. Bf3 Qf7 34. Red1 a5 35. Bc5 b4 36. Qc4 Rb8 37. Bxb6 cxb6 38. Qd4 Red8 39. Rd2 Qg8 40. Rc7 Be6 41. Rc6 Bf7 42. d6 b5 43. d7 Be6 44. Rd6 a4 45. f5 Bc4 46. Qa7 Qf7 47. Qxb8 Rxb8 48. d8Q+ Rxd8 49. Rxd8+ Kh7 50. R2d7 Bxa2 51. Rxf7 Bxf7 52. Rd7 Kg8 53. Bd5 1-0

[Event "RA-2012-0-00242"]
[Site "LSS email"]
[Date "2012.10.18"]
[Round "?"]
[White "Kolanek, Roman"]
[Black "Schlotterbeck, Peter"]
[Result "1/2-1/2"]
[WhiteElo "2042"]
[BlackElo "2152"]
[PlyCount "72"]
[EventDate "2012.09.22"]
[EventType "tourn (corr)"]
[EventRounds "6"]
[EventCountry "GER"]
[SourceTitle "Telechess CBM 159"]
[Source "ChessBase"]
[SourceDate "2014.03.17"]
[SourceVersion "1"]
[SourceVersionDate "2014.03.17"]
[SourceQuality "1"]

1. d4 d5 2. c4 dxc4 3. Nf3 Nf6 4. e3 e6 5. Bxc4 a6 6. 0-0 c5 7. dxc5 Qxd1 8. Rxd1 Bxc5 9. Be2 b6 10. Ne5 Bb7 11. a3 Nbd7 12. Nxd7 Nxd7 13. b4 Be7 14. Bb2 Rc8 15. Nd2 b5 16. Nf3 Rc2 17. Rd2 Rxd2 18. Nxd2 Bd6 19. Nb3 Bd5 20. Na5 Nb6 21. f3 f6 22. e4 Ba8 23. Bd4 Na4 24. Bd1 Kf7 25. Bxa4 bxa4 26. Rc1 Rd8 27. Be3 h5 28. g3 g5 29. Bb6 Rg8 30. Rd1 Bb8 31. Rd7+ Kg6 32. Ba7 g4 33. Bxb8 Rxb8 34. fxg4 hxg4 35. Rd6 Re8 36. e5 Rc8 1/2-1/2

[Event "RA-2012-0-00242"]
[Site "LSS email"]
[Date "2012.10.18"]
[Round "?"]
[White "Schlotterbeck, Peter"]
[Black "Carroll, Patrick J"]
[Result "1-0"]
[WhiteElo "2152"]
[BlackElo "2080"]
[PlyCount "65"]
[EventDate "2012.09.22"]
[EventType "tourn (corr)"]
[EventRounds "6"]
[EventCountry "GER"]
[SourceTitle "Telechess CBM 159"]
[Source "ChessBase"]
[SourceDate "2014.03.17"]
[SourceVersion "1"]
[SourceVersionDate "2014.03.17"]
[SourceQuality "1"]

1. d4 Nf6 2. c4 e6 3. Nc3 d5 4. cxd5 exd5 5. Bg5 c6 6. Qc2 Be7 7. e3 Nbd7 8. Bd3 0-0 9. Nf3 Re8 10. 0-0 Nf8 11. Rab1 Ng6 12. b4 a6 13. a4 Ne4 14. Bxe7 Qxe7 15. Rfc1 Bg4 16. Bxe4 dxe4 17. Nd2 Bf5 18. Ne2 Bd7 19. Qc5 Qe6 20. Nc4 Rab8 21. Nb6 f5 22. b5 cxb5 23. d5 Qf7 24. Qd4 Rbd8 25. Rc7 bxa4 26. Rxb7 Ne5 27. Nf4 Qf6 28. h3 a3 29. Qa1 g5 30. Nh5 Qf7 31. Nc4 Nf3+ 32. gxf3 Qxh5 33. Ne5 1-0

[Event "RA-2012-0-00242"]
[Site "LSS email"]
[Date "2012.10.18"]
[Round "?"]
[White "Schlotterbeck, Peter"]
[Black "Silva Filho, Alcindo Luz Bastos"]
[Result "1/2-1/2"]
[WhiteElo "2152"]
[BlackElo "2154"]
[PlyCount "161"]
[EventDate "2012.09.22"]
[EventType "tourn (corr)"]
[EventRounds "6"]
[EventCountry "GER"]
[SourceTitle "Telechess CBM 159"]
[Source "ChessBase"]
[SourceDate "2014.03.17"]
[SourceVersion "1"]
[SourceVersionDate "2014.03.17"]
[SourceQuality "1"]

1. d4 Nf6 2. c4 e6 3. Nc3 Bb4 4. Nf3 b6 5. e3 Bb7 6. Bd2 0-0 7. Bd3 d5 8. cxd5 exd5 9. 0-0 Bd6 10. Re1 Ne4 11. Qc2 f5 12. Nb5 c5 13. Nxd6 Qxd6 14. dxc5 bxc5 15. Bc3 Nd7 16. b3 a5 17. Rad1 Bc6 18. Ba1 Rf7 19. Nd2 Qe6 20. a4 Nd6 21. Be2 Rc8 22. Bf1 Qg6 23. Nf3 Ba8 24. Ne5 Nxe5 25. Bxe5 Qe6 26. Bc3 Ra7 27. Rc1 c4 28. Qd1 Bc6 29. Qd4 Rb7 30. f3 Rd7 31. Bxa5 cxb3 32. Ba6 Bb7 33. Rxc8+ Nxc8 34. Bb5 Bc6 35. Rb1 Bxb5 36. axb5 Nd6 37. Rxb3 Rb7 38. Bc3 h6 39. Kf2 Nc4 40. Rb1 Na3 41. Rb3 Nc4 42. Rb1 Na3 43. Rb2 Qd7 44. b6 Nc4 45. Rb3 Qc6 46. Qd3 Rxb6 47. Rxb6 Nxb6 48. Bd4 Nc8 49. Qxf5 Ne7 50. Qd3 h5 51. Bb2 Qd7 52. h3 h4 53. e4 Qd6 54. Ba3 Qb6+ 55. Ke2 dxe4 56. Qc4+ Kf8 57. Qc5 exf3+ 58. Kxf3 Qb3+ 59. Kg4 Qg3+ 60. Kh5 Kg8 61. Qxe7 Qxg2 62. Qe8+ Kh7 63. Qe3 Qd5+ 64. Kxh4 Qc4+ 65. Kg3 Qc7+ 66. Kg4 Qc4+ 67. Qf4 Qe2+ 68. Kg5 Qg2+ 69. Kh4 Qd5 70. Bc1 Kg8 71. Be3 Kh7 72. Qg4 Qd8+ 73. Qg5 Qd3 74. Qh5+ Kg8 75. Qe8+ Kh7 76. Qe5 Qd8+ 77. Kg3 Qd3 78. Qe6 Kh8 79. h4 Kh7 80. h5 Kh8 81. Qe8+ 1/2-1/2

[Event "ZH-2012-0-00852"]
[Site "LSS email"]
[Date "2012.08.09"]
[Round "?"]
[White "Schlotterbeck, Peter"]
[Black "Sciarretta, Robert W"]
[Result "1/2-1/2"]
[WhiteElo "2130"]
[BlackElo "2187"]
[PlyCount "87"]
[EventDate "2012.08.08"]
[EventType "match (corr)"]
[EventRounds "2"]
[EventCountry "GER"]
[SourceTitle "Telechess CBM 153"]
[Source "ChessBase"]
[SourceDate "2013.03.14"]
[SourceVersion "1"]
[SourceVersionDate "2013.03.14"]
[SourceQuality "1"]

1. d4 Nf6 2. c4 e6 3. Nc3 Bb4 4. Qc2 0-0 5. Nf3 c5 6. dxc5 Na6 7. a3 Bxc3+ 8. Qxc3 Nxc5 9. g3 b6 10. Bg2 Bb7 11. 0-0 Rc8 12. Be3 d5 13. Rfc1 dxc4 14. Qxc4 Ba6 15. Qh4 Bxe2 16. Nd4 Bg4 17. h3 Bf5 18. Rd1 Qe8 19. b4 Na4 20. Bg5 Bg6 21. Bxf6 gxf6 22. Qxf6 Nc3 23. Rd2 Qd8 24. Qe5 Qc7 25. Qe3 e5 26. Nc6 e4 27. Rc1 Qxc6 28. Rdc2 Qe6 29. Rxc3 Rxc3 30. Rxc3 Rd8 31. Bf1 Kg7 32. Kg2 Qe5 33. Be2 h5 34. Rc6 f6 35. Qc3 Qxc3 36. Rxc3 Rd7 37. h4 Rf7 38. Bb5 Re7 39. Kf1 Kf7 40. Bc4+ Kg7 41. Ba6 Bf7 42. Bc8 Kg6 43. Ke2 Be6 44. Ke3 1/2-1/2

[Event "SM-2012-0-00190"]
[Site "LSS email"]
[Date "2012.02.23"]
[Round "?"]
[White "Daurelle, Herve"]
[Black "Schlotterbeck, Peter"]
[Result "1-0"]
[WhiteElo "2275"]
[BlackElo "2146"]
[PlyCount "101"]
[EventDate "2012.01.18"]
[EventType "tourn (corr)"]
[EventRounds "6"]
[EventCountry "GER"]
[SourceTitle "Telechess CBM 159"]
[Source "ChessBase"]
[SourceDate "2014.03.17"]
[SourceVersion "1"]
[SourceVersionDate "2014.03.17"]
[SourceQuality "1"]

1. e4 c5 2. Nf3 d6 3. d4 cxd4 4. Nxd4 Nf6 5. Nc3 Nc6 6. Bg5 e6 7. Qd2 Be7 8. 0-0-0 0-0 9. f4 h6 10. Bh4 Nxd4 11. Qxd4 Qa5 12. e5 dxe5 13. Qxe5 Qxe5 14. fxe5 Nd5 15. Bxe7 Nxe7 16. Bd3 b6 17. Be4 Rb8 18. Rhe1 b5 19. a4 bxa4 20. Nxa4 Rb5 21. Rd6 Nf5 22. Bxf5 exf5 23. Nc3 Rc5 24. Rd5 Rc4 25. g3 f4 26. Ra5 fxg3 27. hxg3 Rc7 28. Nd5 Rb7 29. b3 Be6 30. Kb2 Rc8 31. Rea1 Kh7 32. R1a4 g5 33. Nf6+ Kg6 34. g4 Rh8 35. Re4 Rd8 36. Kc1 Rc8 37. Kb2 Rd8 38. Rea4 Rd2 39. Rxa7 Rxa7 40. Rxa7 Re2 41. Ra5 Rg2 42. Ra6 Re2 43. Kc3 Rxe5 44. Nd7 Re3+ 45. Kd4 Re2 46. Nf8+ Kf6 47. Nxe6 fxe6 48. c4 Rg2 49. Kc5 Rxg4 50. Ra1 Rg2 51. b4 1-0

[Event "SM-2012-0-00190"]
[Site "LSS email"]
[Date "2012.02.16"]
[Round "?"]
[White "Schlotterbeck, Peter"]
[Black "Andraschko, Felix"]
[Result "0-1"]
[WhiteElo "2146"]
[BlackElo "2172"]
[PlyCount "54"]
[EventDate "2012.01.18"]
[EventType "tourn (corr)"]
[EventRounds "6"]
[EventCountry "GER"]
[SourceTitle "Telechess CBM 159"]
[Source "ChessBase"]
[SourceDate "2014.03.17"]
[SourceVersion "1"]
[SourceVersionDate "2014.03.17"]
[SourceQuality "1"]

1. e4 c5 2. Nf3 e6 3. d3 Nc6 4. g3 g6 5. Bg2 Bg7 6. 0-0 Nge7 7. c3 e5 8. a3 d6 9. b4 0-0 10. b5 Na5 11. c4 f5 12. Nc3 f4 13. Bd2 h6 14. Rb1 g5 15. h3 b6 16. Ne2 Nb7 17. a4 Bd7 18. Nh2 Qc8 19. g4 Bf6 20. Nc3 Kg7 21. Re1 Rh8 22. Qe2 h5 23. Nd5 Nxd5 24. exd5 hxg4 25. Nxg4 Qe8 26. Bc3 Qg6 27. Red1 Bf5 0-1

[Event "ZH-2012-0-00712"]
[Site "LSS email"]
[Date "2012.02.10"]
[Round "?"]
[White "Nowak, Ireneusz"]
[Black "Schlotterbeck, Peter"]
[Result "1/2-1/2"]
[WhiteElo "2072"]
[BlackElo "2138"]
[PlyCount "90"]
[EventDate "2012.02.01"]
[EventType "match (corr)"]
[EventRounds "2"]
[EventCountry "GER"]
[SourceTitle "Telechess CBM 155"]
[Source "ChessBase"]
[SourceDate "2013.07.16"]
[SourceVersion "1"]
[SourceVersionDate "2013.07.16"]
[SourceQuality "1"]

1. e4 c5 2. Nf3 d6 3. d4 cxd4 4. Nxd4 Nf6 5. Nc3 a6 6. Bc4 e6 7. Bb3 b5 8. 0-0 Be7 9. Qf3 Qc7 10. Qg3 0-0 11. Bh6 Ne8 12. Rad1 Bd7 13. a3 Nc6 14. Nf3 Rc8 15. Rfe1 Kh8 16. Bf4 Qb7 17. e5 dxe5 18. Nxe5 Nxe5 19. Bxe5 a5 20. a4 bxa4 21. Nxa4 Bc6 22. Nc3 Bb4 23. h3 a4 24. Bc4 Bxg2 25. Qxg2 Qxg2+ 26. Kxg2 Rxc4 27. Rd3 f6 28. b3 axb3 29. cxb3 Rc8 30. Re4 Bxc3 31. Bxc3 Nc7 32. Rd7 Kg8 33. Bb4 Rfe8 34. Rg4 g5 35. h4 h6 36. Bd2 Red8 37. Rxd8+ Rxd8 38. Ba5 Rd7 39. hxg5 hxg5 40. Bxc7 Rxc7 41. f4 Rc2+ 42. Kg3 Rc3+ 43. Kf2 Rxb3 44. fxg5 f5 45. Rh4 Kf7 1/2-1/2

[Event "OP-2012-0-02057"]
[Site "LSS email"]
[Date "2012.02.09"]
[Round "?"]
[White "Anderson, Peter W"]
[Black "Schlotterbeck, Peter"]
[Result "1-0"]
[WhiteElo "2175"]
[BlackElo "2138"]
[PlyCount "77"]
[EventDate "2012.02.06"]
[EventType "tourn (corr)"]
[EventRounds "4"]
[EventCountry "GER"]
[SourceTitle "Telechess CBM 155"]
[Source "ChessBase"]
[SourceDate "2013.07.16"]
[SourceVersion "1"]
[SourceVersionDate "2013.07.16"]
[SourceQuality "1"]

1. d4 d5 2. c4 dxc4 3. e4 Nc6 4. Nf3 Bg4 5. d5 Ne5 6. Bf4 Ng6 7. Be3 b5 8. a4 a6 9. axb5 axb5 10. Nc3 Rb8 11. h4 h5 12. Ra5 Bd7 13. Be2 e5 14. dxe6 fxe6 15. Ng5 Nf6 16. 0-0 Bd6 17. f4 e5 18. f5 Nf4 19. Bxf4 exf4 20. Bxc4 bxc4 21. e5 0-0 22. exf6 gxf6 23. Qxh5 Qe7 24. Nd5 Qg7 25. Ne6 Bxe6 26. fxe6 f5 27. Nxf4 Bxf4 28. Rxf4 Rxb2 29. Qf3 Kh8 30. Kh1 Rb1+ 31. Kh2 Rb3 32. Qh5+ Kg8 33. Rf3 Rxf3 34. Qxf3 Qe7 35. Qg3+ Kh7 36. Ra6 Rg8 37. Qf4 Qf6 38. g3 c3 39. Ra5 1-0

[Event "OP-2012-0-02057"]
[Site "LSS email"]
[Date "2012.02.09"]
[Round "?"]
[White "Schlotterbeck, Peter"]
[Black "Malashenkov, Alexei"]
[Result "1-0"]
[WhiteElo "2138"]
[BlackElo "2212"]
[PlyCount "67"]
[EventDate "2012.02.06"]
[EventType "tourn (corr)"]
[EventRounds "4"]
[EventCountry "GER"]
[SourceTitle "Telechess CBM 155"]
[Source "ChessBase"]
[SourceDate "2013.07.16"]
[SourceVersion "1"]
[SourceVersionDate "2013.07.16"]
[SourceQuality "1"]

1. e4 c5 2. Nf3 g6 3. d3 Bg7 4. g3 Nc6 5. Bg2 d6 6. 0-0 Nf6 7. Nbd2 0-0 8. Re1 Rb8 9. a4 Ng4 10. Nc4 Be6 11. c3 Rc8 12. Ng5 Bd7 13. f4 h6 14. Nf3 Be6 15. h3 Nf6 16. Ne3 Bd7 17. Qe2 Qc7 18. Kh2 Rfe8 19. f5 g5 20. h4 gxh4 21. Nxh4 Ne5 22. Bd2 h5 23. Nd5 Nxd5 24. exd5 Qb6 25. Qxh5 Qxb2 26. Qe2 Ng4+ 27. Kh3 Nf6 28. Bf3 Rc7 29. g4 Nh7 30. Reb1 Qc2 31. Rc1 Qb2 32. g5 Rd8 33. Kg2 Bc8 34. Kh1 1-0

[Event "ZH-2012-0-00694"]
[Site "LSS email"]
[Date "2012.01.15"]
[Round "?"]
[White "Liamtsau, Valery"]
[Black "Schlotterbeck, Peter"]
[Result "1-0"]
[WhiteElo "2163"]
[BlackElo "2117"]
[PlyCount "33"]
[EventDate "2012.01.06"]
[EventType "match (corr)"]
[EventRounds "2"]
[EventCountry "GER"]
[SourceTitle "Corr 2015"]
[Source "ChessBase"]
[SourceDate "2015.07.17"]
[SourceVersion "1"]
[SourceVersionDate "2015.07.17"]
[SourceQuality "1"]

1. e4 c5 2. Nf3 d6 3. d4 cxd4 4. Nxd4 Nf6 5. Nc3 a6 6. Bc4 e6 7. Bb3 b5 8. 0-0 Be7 9. Qf3 Qc7 10. Qg3 0-0 11. Bh6 Ne8 12. Rad1 Bd7 13. f4 Nc6 14. Nxc6 Bxc6 15. f5 Kh8 16. f6 Rg8 17. fxg7+ 1-0

[Event "RA-2011-0-00178"]
[Site "LSS email"]
[Date "2012.01.08"]
[Round "?"]
[White "Kukula, Pawel"]
[Black "Schlotterbeck, Peter"]
[Result "1/2-1/2"]
[WhiteElo "2149"]
[BlackElo "2120"]
[PlyCount "51"]
[EventDate "2011.12.25"]
[EventType "tourn (corr)"]
[EventRounds "6"]
[EventCountry "GER"]
[SourceTitle "Telechess CBM 155"]
[Source "ChessBase"]
[SourceDate "2013.07.16"]
[SourceVersion "1"]
[SourceVersionDate "2013.07.16"]
[SourceQuality "1"]

1. d4 d5 2. c4 dxc4 3. Nf3 Nf6 4. e3 e6 5. Bxc4 a6 6. 0-0 c5 7. Bb3 b5 8. a4 b4 9. Nbd2 Bb7 10. e4 cxd4 11. e5 Nfd7 12. Nc4 Nc6 13. Bg5 Qc7 14. Rc1 Bc5 15. Nxd4 Ndxe5 16. Nxe5 Qxe5 17. Nf3 Qd6 18. Qc2 Bd4 19. Rfd1 0-0 20. Be3 e5 21. Ng5 Qg6 22. Qxg6 hxg6 23. Bxd4 Nxd4 24. Rxd4 exd4 25. Nxf7 Kh7 26. Ng5+ 1/2-1/2

[Event "SA-2011-0-00238"]
[Site "LSS email"]
[Date "2011.12.31"]
[Round "?"]
[White "Schlotterbeck, Peter"]
[Black "Svrsek, Radomir Jr"]
[Result "1/2-1/2"]
[WhiteElo "2117"]
[BlackElo "2032"]
[PlyCount "53"]
[EventDate "2011.12.09"]
[EventType "tourn (corr)"]
[EventRounds "6"]
[EventCountry "GER"]
[SourceTitle "Telechess CBM 157"]
[Source "ChessBase"]
[SourceDate "2013.11.12"]
[SourceVersion "1"]
[SourceVersionDate "2013.11.12"]
[SourceQuality "1"]

1. d4 d5 2. c4 e6 3. Nc3 Nf6 4. cxd5 Nxd5 5. e4 Nxc3 6. bxc3 Be7 7. Nf3 0-0 8. Bc4 a6 9. a4 c5 10. 0-0 Qc7 11. Qe2 Nc6 12. Be3 Bd7 13. g3 Na5 14. Bd3 Rac8 15. Rfb1 f6 16. Bf4 Qd8 17. Ra2 Qe8 18. Nd2 cxd4 19. cxd4 Nc6 20. d5 Nd4 21. Qd1 Rc3 22. Bf1 exd5 23. exd5 Ba3 24. Rxa3 Rxa3 25. Bd6 Ra2 26. Nb3 Ne2+ 27. Bxe2 1/2-1/2